• 首页
  • 本馆介绍
  • 公告通知
  • 最新文献
  • 馆藏检索
  • 电子资源
  • 读者导购
  • 参考咨询
  • 我的图书馆
  • 登录
  • 详细信息显示
  • 放入我的书架
  • 预约/预借图书
  • 作者相关作品
  • 分类相关作品
  • 丛书相关作品
  • 出版社相关作品

书目信息

  • 表格格式
  • 工作单格式
  • 卡片格式
题名:
工程流体力学
    
 
作者: 赵嵩颖 主编
分册:  
出版信息: 北京   航空工业出版社  2012
页数: 171页
开本: 26cm
丛书名:
单 册:
中图分类: TB126
科图分类:
主题词: 工程力学--教材--高等教育--流体力学 , 工程力学 , 流体力学
电子资源:
ISBN: 978-7-5165-0012-5
000 00896nam0 2200253 450
001 47
005 20160905101346.62
010    @a978-7-5165-0012-5@dCNY29.80
100    @a20121031d2012 em y0chiy50 ea
101 0  @achi
102    @aCN@b110000
105    @aa z 000yy
200 1  @a工程流体力学@9gong cheng liu ti li xue@f赵嵩颖主编
210    @a北京@c航空工业出版社@d2012
215    @a171页@c图@d26cm
300    @a普通高等教育“十二五”规划教材
330    @a本书全面系统地介绍了土建类工程流体力学的基本内容,全书共7章,包括:绪论,流体的属性,流体静力学,流体运动学及动力学基础,管内流动与水力计算,明渠流、堰流和渗流,相似性原理和量纲分析。
606 0  @a工程力学@j教材@x高等教育@x流体力学
606 0  @a工程力学
606 0  @a流体力学
690    @aTB126@v5
701  0 @a赵嵩颖@9zhao song ying@f(1980~)@4主编
801  0 @aCN@b唐山师范学院图书馆@c20160901
905    @aZUCC@dTB126@e160
    
    工程流体力学/赵嵩颖主编.-北京:航空工业出版社,2012
    171页:图;26cm
    普通高等教育“十二五”规划教材
    
    ISBN 978-7-5165-0012-5:CNY29.80
    本书全面系统地介绍了土建类工程流体力学的基本内容,全书共7章,包括:绪论,流体的属性,流体静力学,流体运动学及动力学基础,管内流动与水力计算,明渠流、堰流和渗流,相似性原理和量纲分析。
●
相关链接 在E读中查询图书 在五车中查询图书 在当当中查询图书 在豆瓣中查询图书


正题名:工程流体力学     索取号:TB126/160         预约/预借

序号 登录号 条形码 馆藏地/架位号 状态 备注
1 900189   209001890   第二样本阅览室/ [索取号:TB126/160] 在馆    
2 900190   209001907   第三借阅区/ [索取号:TB126/160] 在馆    
3 900191   209001916   第三借阅区/ [索取号:TB126/160] 在馆    
唐山师范学院图书馆 欢迎您!
大连网信软件有限公司© 版权所有